000 00542nam a2200181Ia 4500
008 100920s9999 xx 000 0 und d
082 _b69428
_a24 थ 97
100 _aजोरवर रामचंद्र.
245 _aउष;काल.
260 _bसानिया पब्लिकेशन्स्र,बेळगांव.
_c1997
300 _a135
_bसाधी
365 _b110
520 _aसायो.
630 _aउष;काल.
650 _aसायो.
730 _aउष;काल.
942 _cBOOK
999 _c711599
_d711596